[Event "56.SMM Kaltern/Tramin-Brixen/Milland"]
[Site "?"]
[Date "2025.02.22"]
[Round "8.1"]
[White "Kofler, Thomas"]
[Black "Bertagnolli, Alexander"]
[Result "0-1"]
[WhiteElo "1976"]
[BlackElo "2345"]
[PlyCount "52"]
[EventDate "2025.02.08"]
[SourceVersionDate "2025.02.22"]

{[%evp 0,52,43,23,24,11,47,47,38,48,34,33,38,0,28,25,12,-12,-3,-23,-16,-43,-20,-27,-32,-32,-23,-23,-21,-25,-26,-22,-24,-69,-42,-72,-71,-79,-95,-95,-69,-78,-30,-37,0,12,-3,-371,-363,-684,-727,-1202,-1289,-29993,-29994]} 1. d4 Nf6 2. Bf4 g6 3. Nc3 d5 4. Nf3 Bg7 5. e3 Nh5 6. Bg3 Bg4 7. Be2 O-O 8. Ne5 Bxe2 9. Nxe2 Nxg3 10. Nxg3 Bxe5 11. dxe5 Nc6 12. f4 f6 13. exf6 exf6 14. Qd2 Qd6 15. O-O-O Rad8 16. f5 Kg7 17. fxg6 hxg6 18. e4 d4 19. Qe2 Ne5 20. Kb1 b5 21. Qxb5 Rb8 22. Qd5 Qa3 23. b3 Rfd8 24. Qe6 Rb6 25. Nf5+ gxf5 26. Qxf5 Nc4 0-1

[Event "56.SMM Kaltern/Tramin-Brixen/Milland"]
[Site "?"]
[Date "2025.02.22"]
[Round "8.2"]
[White "Panjkovic, Aleksandar"]
[Black "Paulmichl, Martin"]
[Result "1-0"]
[WhiteElo "2054"]
[BlackElo "1945"]
[PlyCount "59"]
[EventDate "2025.02.08"]
[SourceVersionDate "2025.02.22"]

{[%evp 0,59,44,27,75,-23,-25,-25,-25,5,34,25,19,49,116,83,99,89,89,44,59,48,43,43,25,3,2,2,-17,-25,-23,-36,-45,-64,-38,-32,12,95,108,111,145,136,113,122,131,124,124,103,117,121,1568,125,144,139,196,205,201,203,210,222,239,222]} 1. Nf3 f5 2. e4 fxe4 3. Ng5 Nf6 4. d3 e3 5. Bxe3 e5 6. d4 e4 7. d5 Bd6 8. Nc3 Qe7 9. Qd4 Be5 10. Qc4 Bxc3+ 11. bxc3 d6 12. g3 O-O 13. Bg2 Re8 14. O-O-O Bg4 15. Rd4 Bf5 16. Re1 h6 17. Nxe4 Nxe4 18. Bxe4 Bxe4 19. Bd2 Na6 20. Rdxe4 Qd7 21. Rxe8+ Rxe8 22. Rxe8+ Qxe8 23. Qg4 Kh8 24. Be3 Qb5 25. Qd4 Qf1+ 26. Kd2 Qh3 27. Qxa7 Qc8 28. Qd4 Kh7 29. Qe4+ Kh8 30. Bd4 1-0

[Event "56.SMM Kaltern/Tramin-Brixen/Milland"]
[Site "?"]
[Date "2025.02.22"]
[Round "8.3"]
[White "Wisthaler, Lukas"]
[Black "Zucchelli, Massimo"]
[Result "1-0"]
[WhiteElo "1860"]
[BlackElo "2092"]
[PlyCount "127"]
[EventDate "2025.??.??"]

{[%evp 0,127,19,41,38,-11,-4,-19,-11,-11,-3,-7,15,6,20,0,0,-8,-1,-1,-1,-17,-12,-33,-22,-30,-18,-42,-6,-14,15,19,29,13,13,-11,-2,-35,15,13,30,29,97,-17,91,91,91,86,243,243,235,243,246,246,246,218,218,219,356,308,308,245,247,103,202,201,199,191,208,206,212,212,212,143,175,171,159,131,160,160,160,150,158,121,191,196,233,226,230,216,223,213,249,254,340,346,355,346,425,427,423,429,466,474,485,401,403,403,439,406,406,397,400,404,416,421,421,498,519,540,559,581,656,651,767,873,993,1118,1616,1725]} 1. e4 e6 2. c4 d5 3. cxd5 exd5 4. exd5 Nf6 5. Nc3 Nbd7 6. Nf3 Be7 7. Be2 O-O 8. O-O Nb6 9. d4 Nbxd5 10. Bg5 Be6 11. Qc2 c6 12. Rfe1 h6 13. Bh4 Qa5 14. a3 Nxc3 15. bxc3 Rfe8 16. Ne5 Rad8 17. Nc4 Qd5 18. Qb2 Ne4 19. Bxe7 Rxe7 20. Bd3 Nd6 21. Ne5 Bf5 22. c4 Qe6 23. c5 Nb5 24. Nf3 Qd7 25. Rxe7 Qxe7 26. Bxf5 Qf6 27. Bc2 Nxd4 28. Nxd4 Rxd4 29. Re1 g6 30. Qa1 Kg7 31. Re4 Rd2 32. Qxf6+ Kxf6 33. Rc4 Ke5 34. f4+ Kd5 35. Bb3 Rb2 36. Rb4+ Kxc5 37. Rxb7 f5 38. Rb4 a5 39. Rc4+ Kd5 40. Rc3+ Kd4 41. Rf3 c5 42. Bf7 Rb6 43. Rg3 c4 44. Bxg6 Rb5 45. Kf2 Rc5 46. Ke2 Ke4 47. Kd2 Kxf4 48. Kc3 Ke4 49. Rf3 h5 50. Bxh5 f4 51. Bg6+ Ke5 52. Bf7 Rc7 53. Bxc4 Rg7 54. g3 fxg3 55. hxg3 Ke4 56. Rd3 Rg5 57. g4 Rc5 58. Rd4+ Kf3 59. Rd5 Rc7 60. g5 Ra7 61. g6 Kf4 62. Rc5 Ke4 63. Bf7 a4 64. g7 1-0

[Event "56.SMM Kaltern/Tramin-Brixen/Milland"]
[Site "?"]
[Date "2025.02.22"]
[Round "8.4"]
[White "Maier, Fridolin"]
[Black "Ellemund, Gabriel"]
[Result "1-0"]
[WhiteElo "1909"]
[BlackElo "1834"]
[PlyCount "125"]
[EventDate "2025.??.??"]
[SourceVersionDate "2025.02.23"]

{[%evp 0,125,23,8,9,-1,-1,-49,67,26,19,-25,-24,-76,-13,-83,-13,11,40,47,42,13,29,10,23,-50,37,42,35,49,49,37,30,17,21,38,74,76,113,116,116,51,105,110,97,75,80,86,87,46,55,0,0,-5,0,-107,-99,-91,28,25,38,44,68,64,60,55,48,42,35,27,36,39,39,36,48,45,47,49,48,28,48,51,50,50,50,50,50,53,51,48,51,51,51,48,51,51,51,51,51,0,0,0,0,0,0,4,432,593,737,737,847,920,972,858,1123,1180,1196,1466,1486,28160,29959,29960,29961,29962,29963,29964,29967,1761]} 1. e4 e5 2. f4 exf4 3. Bc4 Be7 4. Qh5 g6 5. Qe5 Nf6 6. Nf3 O-O 7. Nc3 Nc6 8. Qxf4 Nh5 9. Qe3 d6 10. Nd5 Bh4+ 11. g3 Bf6 12. Nxf6+ Qxf6 13. O-O Be6 14. Ng5 Qe5 15. Nxe6 fxe6 16. c3 Rxf1+ 17. Bxf1 Qf6 18. d4 e5 19. d5 Ne7 20. Qg5 Qf7 21. Bh3 Qf6 22. Be6+ Kh8 23. g4 Rf8 24. Be3 Nf4 25. Bxf4 Qxf4 26. Qxf4 Rxf4 27. g5 Rxe4 28. Rf1 Rf4 29. Rxf4 exf4 30. Kf2 h6 31. h4 Kg7 32. Kf3 c6 33. c4 cxd5 34. cxd5 hxg5 35. hxg5 Kf8 36. Kxf4 b6 37. Ke4 Ke8 38. Kd3 Kd8 39. Bf7 Kd7 40. Kc4 a6 41. Kb4 Kc7 42. a4 Kd7 43. Kc4 Kc7 44. Be8 Kd8 45. Bf7 Kd7 46. b3 Kc7 47. Kd4 Kd7 48. Ke4 Kd8 49. Bxg6 Nxg6 50. Kf5 Ne5 51. Ke6 Kc7 52. Kf6 Kd7 53. g6 Ng4+ 54. Kg5 Ke7 55. Kxg4 Kf6 56. Kh5 Kg7 57. Kg5 b5 58. axb5 axb5 59. b4 Kg8 60. Kf6 Kf8 61. Ke6 Kg7 62. Kxd6 Kxg6 63. Kc7 1-0

[Event "56.SMM Kaltern/Tramin-Brixen/Milland"]
[Site "?"]
[Date "2025.02.22"]
[Round "8.5"]
[White "Kofler, Oswald"]
[Black "Florian, Andreas"]
[Result "1-0"]
[WhiteElo "1883"]
[BlackElo "1714"]
[PlyCount "81"]
[EventDate "2025.02.08"]
[SourceVersionDate "2025.02.22"]

{[%evp 0,81,27,27,42,-9,-17,-25,-23,-5,-24,-13,0,15,62,18,62,3,11,1,-1,-9,11,5,7,0,6,-9,6,-38,-16,-16,15,-6,8,-18,26,-14,22,46,76,78,106,98,95,107,107,70,70,72,80,44,74,52,49,26,60,53,195,195,191,191,311,323,385,368,390,324,348,330,347,320,330,332,404,404,390,383,407,361,355,352,354,302]} 1. d4 e6 2. c4 d5 3. cxd5 exd5 4. Nc3 Nf6 5. Nf3 Bf5 6. Bg5 Be7 7. e3 O-O 8. Be2 Nbd7 9. O-O c6 10. Rc1 Ne4 11. Bxe7 Qxe7 12. a3 Rac8 13. Qa4 a6 14. Qa5 Ndf6 15. Na4 Qc7 16. Qb4 a5 17. Qb3 Ng4 18. g3 Qd6 19. Nh4 Qh6 20. Qd1 g5 21. Bxg4 Bxg4 22. Qxg4 Nf6 23. Nf5 Nxg4 24. Nxh6+ Nxh6 25. Rc2 Ng4 26. Nc5 Rc7 27. Rfc1 Rfc8 28. Rc3 b6 29. Na4 b5 30. Nb6 Rb8 31. Rxc6 Rcb7 32. Nxd5 Kg7 33. h3 Nh6 34. e4 Re8 35. f3 Ng8 36. R1c5 Ne7 37. Nxe7 Rexe7 38. Rxg5+ Kf8 39. Rc8+ Re8 40. Rxe8+ Kxe8 41. Rc5 1-0

[Event "56.SMM J.Richter/Lask BZ-Gröden 1"]
[Site "?"]
[Date "2025.02.22"]
[Round "8.1"]
[White "Casadio, Niccolò"]
[Black "De Eccher, Stefano"]
[Result "0-1"]
[WhiteElo "2229"]
[BlackElo "2165"]
[PlyCount "46"]
[EventDate "2025.??.??"]
[SourceVersionDate "2025.02.23"]

{[%evp 0,46,31,25,46,39,99,58,62,37,37,37,84,63,55,35,37,36,39,18,44,0,59,14,23,10,9,-15,-33,-39,-42,-3,-1,5,-14,-9,121,37,37,4,-3,-6,0,-123,-98,-1231,-1417,-29999,-30000]} 1. e4 c5 2. Nf3 d6 3. d4 cxd4 4. Nxd4 Nf6 5. Nc3 g6 6. Be3 Bg7 7. f3 O-O 8. Qd2 Nc6 9. Bc4 Bd7 10. O-O-O Rb8 11. Bb3 Na5 12. h4 b5 13. Kb1 Nc4 14. Bxc4 bxc4 15. Ka1 Qb6 16. Rb1 Qa5 17. h5 Rb6 18. a3 Rfb8 19. hxg6 fxg6 20. g4 Ra6 21. Rhd1 Bxg4 22. Qe2 Qxc3 23. Nb3 Rxa3# 0-1

[Event "56.SMM J.Richter/Lask BZ-Gröden 1"]
[Site "?"]
[Date "2025.02.22"]
[Round "8.2"]
[White "Moncher, Stefano"]
[Black "Moroder, Stephan"]
[Result "0-1"]
[WhiteElo "2162"]
[BlackElo "2173"]
[PlyCount "88"]
[EventDate "2025.??.??"]

{[%evp 0,88,31,34,38,-10,13,18,8,22,21,14,9,22,22,19,60,32,66,46,66,42,38,27,17,21,31,16,31,30,44,-14,-14,-47,-33,-33,-34,-48,-36,-46,6,-4,-4,-288,-286,-318,-352,-323,-294,-305,-192,-298,-230,-237,-242,-257,-287,-316,-277,-252,-242,-232,-252,-253,-200,-267,-261,-276,-262,-260,-239,-363,-381,-332,-338,-425,-428,-438,-436,-463,-472,-465,-408,-415,-321,-405,-392,-384,-392,-407,-322]} 1. e4 c5 2. c3 Nf6 3. e5 Nd5 4. d4 cxd4 5. Nf3 Nc6 6. cxd4 d6 7. Bc4 Nb6 8. Bb5 Bd7 9. Nc3 dxe5 10. dxe5 g6 11. O-O Bg7 12. Re1 O-O 13. Bf4 Qc8 14. h3 Rd8 15. Qc1 Nb4 16. a3 Bxb5 17. axb4 Bc6 18. Ng5 Nd5 19. e6 f6 20. Nf7 Nxf4 21. Nxd8 Bh6 22. Kh2 Qxd8 23. g3 Qd4 24. Qe3 Qxe3 25. fxe3 Nd3 26. b5 Be8 27. Re2 Nc5 28. Nd5 Nxe6 29. Nxe7+ Kf7 30. Nd5 Bxb5 31. Rf2 Bg7 32. Nb6 Rd8 33. Rxa7 Bc6 34. Nc4 Be4 35. b4 Rd1 36. g4 Bf8 37. Rd2 Rh1+ 38. Kg3 Bxb4 39. Rxb7+ Bxb7 40. Rd7+ Kg8 41. Rxb7 Bc3 42. Rb3 Rc1 43. Kg2 Rc2+ 44. Kf1 Be5 0-1

[Event "56.SMM J.Richter/Lask BZ-Gröden 1"]
[Site "?"]
[Date "2025.02.22"]
[Round "8.3"]
[White "Demetz, Rainer"]
[Black "Unterweger, Jonas"]
[Result "1/2-1/2"]
[WhiteElo "2199"]
[BlackElo "1948"]
[PlyCount "97"]
[EventDate "2025.??.??"]

1. e4 e5 2. Nf3 Nc6 3. Nc3 Nf6 4. d4 exd4 5. Nxd4 Bb4 6. Nxc6 bxc6 7. Bd3 d5 8. exd5 cxd5 9. O-O O-O 10. Bg5 c6 11. Qf3 Be7 12. Rfe1 Re8 13. h3 Be6 14. Ne2 h6 15. Bd2 Ne4 16. Be3 Bf6 17. Nd4 Bd7 18. c3 Rb8 19. Re2 c5 20. Nf5 c4 21. Bc2 Rxb2 22. Bd4 Bxd4 23. Nxd4 Re5 24. a4 Ng5 25. Rxe5 Nxf3+ 26. gxf3 Bxh3 27. Rae1 Be6 28. f4 g5 29. f5 Bd7 30. Rxd5 Qc8 31. Re7 Rxc2 32. Nxc2 Bxf5 33. Ne3 Be6 34. Rb5 a6 35. Rbb7 Qd8 36. Ra7 h5 37. Rxe6 fxe6 38. Rxa6 Qd3 39. Rxe6 Qxc3 40. Rg6+ Kf7 41. Rxg5 Qa1+ 42. Kg2 Qxa4 43. Rxh5 Qc6+ 44. Kf1 c3 45. Rh3 Qb5+ 46. Kg2 Qc6+ 47. Kg1 c2 48. Nxc2 Qxc2 49. Re3 1/2-1/2

[Event "56.SMM J.Richter/Lask BZ-Gröden 1"]
[Site "?"]
[Date "2025.02.22"]
[Round "8.4"]
[White "Gruber, Martin"]
[Black "Bernardi, Ruben"]
[Result "0-1"]
[WhiteElo "1713"]
[BlackElo "2070"]
[PlyCount "76"]
[EventDate "2025.??.??"]
[SourceVersionDate "2025.02.23"]

{[%evp 0,76,37,30,47,42,46,19,15,0,7,-29,-53,-25,31,17,11,16,10,0,15,-13,-25,-18,-18,-23,-25,-28,-29,-41,-35,-42,-31,-31,-30,-52,-54,-62,-62,-46,-62,-46,-25,-25,-18,-33,-16,-33,-39,-128,-128,-128,-144,-177,-164,-164,-131,-136,-134,-140,-164,-276,-311,-343,-341,-398,-393,-444,-481,-612,-746,-592,-705,-717,-1015,-29993,-29994,-29995,-29996]} 1. e4 e6 2. d4 d5 3. e5 c5 4. c3 Nc6 5. Be3 Qb6 6. Qb3 c4 7. Qxb6 axb6 8. Be2 b5 9. a3 b4 10. cxb4 Bxb4+ 11. Nc3 b5 12. Nf3 Bxc3+ 13. bxc3 b4 14. cxb4 Nxb4 15. Kd2 Nc6 16. Rhb1 Nge7 17. g4 h5 18. h3 hxg4 19. hxg4 Na5 20. Bd1 Nec6 21. Ba4 Bd7 22. Bc2 Ke7 23. Bg5+ f6 24. Bh4 Rxh4 25. Nxh4 Nxd4 26. Kc3 Nxc2 27. Kxc2 Ba4+ 28. Kc3 fxe5 29. Nf3 Kd6 30. Rb6+ Kc5 31. Rb4 d4+ 32. Kb2 c3+ 33. Ka2 Nc6 34. Rb7 Rf8 35. Ng5 Rxf2+ 36. Kb1 Bc2+ 37. Ka2 Bd3+ 38. Kb3 Rb2+ 0-1

[Event "56.SMM J.Richter/Lask BZ-Gröden 1"]
[Site "?"]
[Date "2025.02.22"]
[Round "8.5"]
[White "Moroder, Thomas"]
[Black "Mumelter, Erwin"]
[Result "1/2-1/2"]
[WhiteElo "2029"]
[BlackElo "1715"]
[PlyCount "72"]
[EventDate "2025.??.??"]

{[%evp 0,72,19,36,57,59,50,19,20,12,24,48,21,65,53,2,7,-13,-20,7,43,36,35,9,22,22,22,-46,-3,-84,2,9,19,14,14,-27,88,105,98,98,110,98,107,118,121,229,236,187,187,144,144,143,190,135,110,-106,47,-37,174,95,132,-34,311,194,313,208,342,348,557,11,0,0,0,0,0]} 1. e4 Nf6 2. e5 Nd5 3. d4 d6 4. c4 Nb6 5. Nf3 Bg4 6. Be2 dxe5 7. Nxe5 Bxe2 8. Kxe2 N8d7 9. b3 e6 10. Nf3 Be7 11. Re1 c5 12. Nc3 cxd4 13. Nxd4 Qc7 14. g3 a6 15. Kf1 O-O-O 16. Bf4 e5 17. Nf5 Bf6 18. Be3 Nc5 19. Nd5 Nxd5 20. cxd5 Qd7 21. Qc2 b6 22. b4 Qb5+ 23. Kg1 Qxb4 24. d6 Kd7 25. Rab1 Qa4 26. Qe2 Rb8 27. Qh5 g6 28. Qh3 Ne6 29. Nh6 Rhf8 30. Bxb6 Bd8 31. Bxd8 Rxb1 32. Rxb1 Qxa2 33. Rb7+ Kxd8 34. Rb8+ Kd7 35. Rxf8 Qb1+ 36. Kg2 Qe4+ 1/2-1/2

[Event "56.SMM J.Richter/Lask BZ-Gröden 1"]
[Site "?"]
[Date "2025.02.22"]
[Round "8.6"]
[White "Pardeller, Arthur"]
[Black "Grossi, Christian"]
[Result "0-1"]
[WhiteElo "1786"]
[BlackElo "1961"]
[PlyCount "76"]
[EventDate "22.??.??"]

{[%evp 0,76,25,26,86,48,31,38,33,37,45,46,42,36,33,32,147,50,66,54,88,72,117,86,77,56,56,55,48,40,45,34,34,18,13,17,15,26,28,2,12,-5,7,-141,-90,-274,-264,-264,-268,-363,-234,-259,-241,-239,-254,-384,-366,-565,-508,-502,-502,-563,-485,-533,-519,-574,-492,-504,-487,-577,-559,-657,-738,-746,-746,-897,-655,-955,-995]} 1. d4 g6 2. c4 Bg7 3. Nc3 d6 4. Nf3 Nf6 5. e4 O-O 6. h3 b6 7. Bd3 c5 8. d5 a6 9. Be3 e6 10. O-O exd5 11. cxd5 b5 12. Qd2 Re8 13. Bg5 Nbd7 14. Rfe1 Qc7 15. Rac1 Bb7 16. Qf4 Nh5 17. Qd2 c4 18. Bb1 Nc5 19. Nd4 Nf6 20. f3 Nfd7 21. b4 Nd3 22. Ndxb5 axb5 23. Bxd3 cxd3 24. Qxd3 Ne5 25. Qe2 Ba6 26. Nb1 Nc4 27. a4 bxa4 28. Rc2 Qb6+ 29. Kh1 Qxb4 30. Qf2 h6 31. Bf4 g5 32. Be3 Nxe3 33. Qxe3 Bd4 34. Qc1 Rec8 35. Rd1 Rxc2 36. Qxc2 Rc8 37. Qa2 Be5 38. Na3 Qb3 0-1

[Event "56.SMM Klausen/RK-Gröden 2"]
[Site "?"]
[Date "2025.02.22"]
[Round "8.1"]
[White "Luciani, Valerio"]
[Black "Schacher, Gerd"]
[Result "1/2-1/2"]
[WhiteElo "2157"]
[BlackElo "2248"]
[PlyCount "109"]
[SourceVersionDate "2025.02.24"]

1. e4 g6 2. d4 Bg7 3. Nc3 d6 4. Be3 a6 5. a4 Nc6 6. Bc4 Nf6 7. f3 O-O 8. Nge2 e5 9. O-O exd4 10. Nxd4 Re8 11. Nxc6 bxc6 12. Bf2 Rb8 13. Qc1 Rb4 14. Bd3 Nd7 15. Nd1 Ne5 16. Be2 f5 17. c3 Rb8 18. exf5 gxf5 19. Re1 a5 20. Rb1 Be6 21. b4 Bc4 22. Qf4 Bxe2 23. Rxe2 Qd7 24. Re1 Kh8 25. Nb2 Qf7 26. Red1 Qh5 27. Nc4 Rg8 28. Nxe5 dxe5 29. Qh4 Qg6 30. Bc5 Bf6 31. Qf2 f4 32. Rb2 e4 33. fxe4 Bxc3 34. Bd4+ Bxd4 35. Qxd4+ Qg7 36. Qxg7+ Rxg7 37. Rdb1 Re7 38. bxa5 Rxb2 39. Rxb2 Rxe4 40. Ra2 Re5 41. Kf2 Rxa5 42. Kf3 Kg7 43. Kxf4 Kf6 44. Ke4 Ke6 45. Kd4 Kd7 46. Kc4 Kc8 47. Kb4 Rh5 48. g3 Kb7 49. Rc2 Kb6 50. h4 Re5 51. Rc4 c5+ 52. Kb3 Re3+ 53. Rc3 Re4 54. Rc4 Re3+ 55. Rc3 1/2-1/2

[Event "56.SMM Klausen/Rk-Gröden 2"]
[Site "?"]
[Date "2025.02.22"]
[Round "8.2"]
[White "Seebacher, Michael"]
[Black "Casadio, Lorenzo"]
[Result "0-1"]
[WhiteElo "2116"]
[BlackElo "1908"]
[PlyCount "106"]
[EventDate "2025.??.??"]

{[%evp 0,106,15,5,41,66,53,44,55,38,106,85,123,122,129,49,40,39,29,32,23,0,6,-16,-15,-93,8,-4,-34,-48,-13,-68,-59,-59,-57,-57,-64,-60,-49,-90,-77,-82,-83,-85,-88,-74,-47,-55,-53,-53,-67,-75,-111,-121,-48,-81,-68,-83,-49,-79,-44,-47,-72,-54,-60,-60,-60,-63,-25,-51,-18,-56,0,0,0,0,0,0,0,-66,-73,-112,-133,-157,-150,-126,-139,-132,-114,-181,-202,-225,-232,-298,-308,-325,-314,-452,-451,-490,-502,-540,-494,-795,-827,-828,-845,-29997,-29998]} 1. e4 c5 2. Nf3 Nc6 3. Nc3 e5 4. Bc4 g6 5. d3 Bg7 6. Be3 d6 7. a4 Nge7 8. h4 h6 9. Qd2 Nd4 10. Nd5 Be6 11. Nxe7 Qxe7 12. c3 Nc6 13. Bxe6 Qxe6 14. h5 g5 15. Ng1 Ne7 16. Ne2 f5 17. f3 O-O 18. Qc2 Rac8 19. c4 f4 20. Bd2 Nc6 21. a5 Rf7 22. Qa4 Kh7 23. Rb1 Bf6 24. b4 g4 25. Qa3 gxf3 26. gxf3 Qe7 27. Bc3 Bh4+ 28. Kd2 Bf2 29. Kc2 Qg5 30. Rh2 cxb4 31. Bxb4 Nxb4+ 32. Qxb4 Bc5 33. Qe1 Rg7 34. Qf1 Rcg8 35. Qh3 Qd8 36. Qf5+ Kh8 37. Qe6 Qe7 38. Qxe7 Rxe7 39. Nc3 Rg3 40. a6 bxa6 41. Nd5 Rf7 42. Rf1 Rb7 43. Nc3 Bd4 44. Na4 Rb4 45. Nc3 a5 46. Ra1 a4 47. Ra2 Rxf3 48. Nxa4 Rg3 49. c5 dxc5 50. Nc3 c4 51. Nd5 cxd3+ 52. Kd2 Rb3 53. Nf6 Bc3+ 0-1

[Event "56.SMM Klausen/RK-Gröden 2"]
[Site "?"]
[Date "2025.02.22"]
[Round "8.3"]
[White "Alam, Syed Mahbubul"]
[Black "Bodrov, Timofey"]
[Result "0-1"]
[WhiteElo "1955"]
[BlackElo "2089"]
[PlyCount "86"]
[EventDate "2025.??.??"]
[SourceVersionDate "2025.02.24"]

{[%evp 0,86,15,25,45,22,34,6,28,2,9,1,10,-20,4,4,-28,-36,-33,-23,-29,-31,-39,-51,-26,-52,-10,-6,48,-10,-16,-6,-6,-24,-22,-31,-31,-58,-44,-63,-52,-58,-55,-60,-19,-40,-10,-43,-39,-37,-44,-63,-26,-24,-14,-72,-72,-119,-121,-130,-119,-101,-153,-152,-154,-166,-166,-149,-171,-199,-196,-180,-177,-299,-299,-299,-299,-515,-636,-769,-884,-963,-1022,-1022,-1022,-1022,-1022,-1022,-1022]} 1. e4 c5 2. Bc4 Nf6 3. d3 e6 4. Nc3 Nc6 5. Bg5 h6 6. Bf4 a6 7. e5 d5 8. exf6 dxc4 9. dxc4 Qxf6 10. Bg3 Be7 11. Nf3 O-O 12. O-O Rd8 13. Qe2 Nd4 14. Nxd4 cxd4 15. Ne4 Qf5 16. Bc7 Rd7 17. Bb6 e5 18. a3 Qg6 19. Bc5 b6 20. Bxe7 Rxe7 21. Ng3 f5 22. Qd3 Qf6 23. Rad1 f4 24. Ne4 Qc6 25. Rfe1 Bf5 26. f3 Rc8 27. b3 b5 28. Qe2 bxc4 29. bxc4 Bxe4 30. Qxe4 Qxe4 31. Rxe4 Rxc4 32. c3 Rxc3 33. Rdxd4 exd4 34. Rxe7 d3 35. Rd7 Rxa3 36. g3 Ra1+ 37. Kf2 Ra2+ 38. Kg1 d2 39. Kf1 Ra1+ 40. Ke2 d1=Q+ 41. Rxd1 Rxd1 42. Kxd1 fxg3 43. hxg3 Kf7 0-1

[Event "56.SMM Klausen/RK-Gröden 2"]
[Site "?"]
[Date "2025.02.22"]
[Round "8.4"]
[White "Haller, Quentin"]
[Black "Kasslatter, Matthias"]
[Result "1-0"]
[WhiteElo "2050"]
[BlackElo "1767"]
[PlyCount "91"]
[EventDate "2025.??.??"]
[SourceVersionDate "2025.02.23"]

{[%evp 0,91,34,15,27,32,24,24,29,25,49,35,25,23,33,47,51,51,51,25,37,16,29,23,15,15,15,12,30,39,39,37,74,36,34,33,48,28,26,16,33,24,83,81,84,88,106,98,95,95,93,109,105,99,105,91,81,40,112,127,120,90,112,120,114,95,110,3,192,126,133,129,129,115,123,90,85,80,101,108,118,110,133,132,153,157,145,151,162,161,235,235,992,960]} 1. d4 d5 2. Bf4 Nf6 3. e3 e6 4. Nf3 c5 5. c3 Nc6 6. Nbd2 cxd4 7. exd4 Be7 8. Bd3 O-O 9. h4 Re8 10. h5 h6 11. Ne5 Nxe5 12. dxe5 Nd7 13. Qg4 Bg5 14. Nf3 Bxf4 15. Qxf4 f6 16. O-O Qc7 17. Rfe1 fxe5 18. Nxe5 Rf8 19. Qg3 Nxe5 20. Rxe5 Qf7 21. Rae1 Bd7 22. c4 Rad8 23. Bg6 Qf6 24. cxd5 exd5 25. Rxd5 Bc6 26. Rxd8 Rxd8 27. Qb3+ Kh8 28. Qe3 Rf8 29. b3 a6 30. Re2 Qa1+ 31. Kh2 Qf6 32. Bb1 Qd6+ 33. Qg3 Qf6 34. Qg6 Qxg6 35. Bxg6 Kg8 36. Kg3 Rd8 37. Be4 Bxe4 38. Rxe4 Rd5 39. Re7 Rxh5 40. Rxb7 Rd5 41. a4 a5 42. Rb5 Rd3+ 43. Kf4 Kf7 44. Ke4 Rd2 45. Rxa5 Rxf2 46. Rf5+ 1-0

[Event "56.SMM Klausen/RK-Gröden 2"]
[Site "?"]
[Date "2025.02.22"]
[Round "8.5"]
[White "Demetz, Josef"]
[Black "Seebacher, Reinhard"]
[Result "0-1"]
[WhiteElo "1653"]
[BlackElo "1951"]
[PlyCount "76"]
[SourceVersionDate "2025.02.24"]

1. e4 c6 2. d4 d5 3. e5 Bf5 4. Nf3 e6 5. Be2 Nd7 6. O-O h6 7. Nbd2 Ne7 8. Re1 Bh7 9. Nf1 Nf5 10. Ne3 Be7 11. Bd3 Nxe3 12. Bxe3 Bxd3 13. Qxd3 O-O 14. c3 c5 15. Nd2 Rc8 16. f4 cxd4 17. cxd4 Qc7 18. Nb3 Qc4 19. Qxc4 Rxc4 20. Rac1 Bb4 21. Bd2 Bxd2 22. Nxd2 Rxd4 23. Nb3 Rxf4 24. Rc7 Nb6 25. Rxb7 Ra8 26. Na5 Rc8 27. g3 Rf3 28. Kg2 Rf5 29. Rxa7 Rc2+ 30. Kh3 Rff2 31. Kg4 Rxb2 32. Rc1 Rb4+ 33. Kh3 h5 34. Nc6 Rbb2 35. Kh4 Rxh2+ 36. Kg5 Rbf2 37. Ne7+ Kh7 38. Rb7 f6+ 0-1

[Event "56.SMM Klausen/RK-Gröden 2"]
[Site "?"]
[Date "2025.02.22"]
[Round "8.6"]
[White "Senn, Stefan"]
[Black "Scola, Matteo"]
[Result "0-1"]
[WhiteElo "1640"]
[BlackElo "1803"]
[PlyCount "62"]
[SourceVersionDate "2025.02.24"]

1. c4 Nf6 2. Nc3 g6 3. Nf3 Bg7 4. g3 c6 5. Bg2 d5 6. cxd5 cxd5 7. d4 Nc6 8. O-O O-O 9. Re1 Bf5 10. e3 Nb4 11. Re2 Bd3 12. Rd2 Ba6 13. Ne5 e6 14. Qa4 Qb6 15. a3 Nc6 16. Nxc6 bxc6 17. b4 Bc4 18. Qc2 a5 19. bxa5 Qxa5 20. e4 Rfc8 21. e5 Nd7 22. Bf1 Bxf1 23. Kxf1 c5 24. Ne2 cxd4 25. Qd1 Nxe5 26. Bb2 Nc4 27. Rc2 Nxb2 28. Rxc8+ Rxc8 29. Qb3 Nc4 30. Rd1 Nd2+ 31. Rxd2 Qxd2 0-1

[Event "56.SMM ASD Arci BZ-Deutschnofen/Alp"]
[Site "?"]
[Date "2025.02.22"]
[Round "8.1"]
[White "Dappiano, Andrea"]
[Black "Seresin, Francesco"]
[Result "0-1"]
[WhiteElo "2286"]
[BlackElo "2333"]
[PlyCount "60"]
[EventDate "2025.??.??"]

{[%evp 0,60,19,31,68,-1,47,43,4,50,47,-10,11,11,30,4,14,-11,9,0,16,15,12,32,33,35,29,12,103,65,159,109,109,35,35,28,28,8,12,-5,-5,-10,-3,-3,82,0,13,-104,-96,-30,101,73,0,0,0,-33,-47,-96,-132,-215,-92,-259,-270]} 1. e4 c6 2. c4 d5 3. cxd5 cxd5 4. exd5 Nf6 5. Nc3 Nxd5 6. Nf3 Nc6 7. d4 a6 8. Bc4 Be6 9. Bb3 Na5 10. Ng5 Nxc3 11. bxc3 Bd5 12. O-O e6 13. Re1 Be7 14. Bxd5 Qxd5 15. Re5 Qd8 16. Nxf7 Kxf7 17. Qg4 Nc6 18. Qxe6+ Ke8 19. Re2 Qd7 20. Qe4 Kf7 21. d5 Na7 22. d6 Bf6 23. Rb1 Nb5 24. Qd5+ Kg6 25. Re3 h6 26. Rg3+ Kh7 27. Qd3+ Kg8 28. a4 Re8 29. Bd2 Nxd6 30. Qd5+ Qe6 0-1

[Event "56.SMM ASD Arci BZ-Deutschnofen/Alp"]
[Site "?"]
[Date "22.02.22"]
[Round "8.5"]
[White "Thurner, Markus"]
[Black "Zammarchi, Massimo"]
[Result "1/2-1/2"]
[WhiteElo "1968"]
[BlackElo "1976"]
[PlyCount "128"]
[EventDate "22.??.??"]

{[%evp 0,128,80,4,5,26,42,8,15,3,1,0,19,31,12,-8,1,0,82,34,44,14,22,21,14,9,11,-5,-15,-17,-21,-30,-5,-37,-31,-76,-17,-52,-43,-47,-11,-11,-13,-12,-24,-28,-21,-39,-37,-36,-39,-35,-36,-33,-44,-47,-46,-45,-51,-33,-28,-92,-98,-99,-51,-99,-44,-97,-107,-107,-107,-111,3,2,2,-59,-88,-97,-88,-100,0,-111,-128,-175,-188,-188,-203,-186,-155,-155,-155,-155,-152,-185,-184,-194,-184,-195,-194,-194,-195,-277,-316,-323,-330,-333,-248,-309,-245,-317,-379,-416,-431,-444,-822,-823,-837,-1158,-1189,-1232,-1268,-28846,-28792,-1587,-29978,-1607,-1592,-29571,-1376,-1589,-29980]} 1. e4 e5 2. Nf3 Nc6 3. Bc4 Bc5 4. Nc3 Nf6 5. d3 h6 6. Be3 Bb6 7. Qd2 d6 8. h3 Nd4 9. Bxd4 exd4 10. Ne2 c5 11. Bb5+ Nd7 12. O-O O-O 13. Bxd7 Bxd7 14. Ng3 Bc7 15. Rae1 Re8 16. Re2 b5 17. Qf4 Qe7 18. Rfe1 Ba5 19. Rf1 f6 20. Nf5 Bxf5 21. Qxf5 Qe6 22. Qf4 Rad8 23. Nh4 Qe5 24. Qg4 Qg5 25. f4 Qxg4 26. hxg4 d5 27. e5 fxe5 28. fxe5 Re6 29. Rf5 Rde8 30. Nf3 g6 31. Rf4 Bd8 32. Kf2 Kg7 33. b4 Bg5 34. Nxg5 hxg5 35. Rf6 c4 36. Rxe6 Rxe6 37. Kf3 Kf7 38. dxc4 bxc4 39. a4 Ke7 40. b5 a6 41. bxa6 Rxa6 42. Rd2 Ke6 43. Rxd4 Kxe5 44. Rd1 Rxa4 45. c3 Ra3 46. Re1+ Kd6 47. Re3 Ra2 48. Re8 Rc2 49. Re3 Rd2 50. Re8 Rd3+ 51. Ke2 Rxc3 52. Rg8 Kc5 53. Rxg6 Rc2+ 54. Kf3 c3 55. Rxg5 Kd4 56. Rf5 Rb2 57. Rf4+ Kd3 58. Rf7 c2 59. Rc7 Rb3 60. Rxc2 Kxc2+ 61. Kf4 d4 62. g5 d3 63. g6 d2 64. g7 Rb8 1/2-1/2